Il était thym petit navire - Statistiques

Statistiques générales
  • Ce quiz a été pris 42 fois
  • Le résultat moyen est 8 sur 22
Statistiques - réponses
Hint Réponse % Correct
Il était..........fois Tune
92%
Goutte..........goutte Ta
59%
Bouche..........bouche Chat
49%
Touche..........tout Chat
49%
Face..........face Ha
49%
Tarn..........Garonne Nez
49%
Garde..........vous Da
41%
Ille..........Vilaine
41%
Eure..........Loir
41%
Tape..........l'oeil Pas
38%
Bric..........brac Cas
32%
Tire..........cul Rot
32%
Pied..........terre Tas
32%
Boute-..........train Temps
32%
Lot..........Garonne Thé
32%
Jusqu'..........boutisme Eau
30%
Arbre..........chat Bras
22%
Arc..........ciel Caen
22%
Porte..........faux Taf
19%
Indre..........Loire
16%
Mort..........rats Haut
14%
Pot..........feu Taux
11%
Aucun quiz correspondant
Distribution des résultats
% des personnes avec chaque résultat
Percentile par nombre de réponses
Votre historique - résultats
Vous n’avez pas pris ce quiz